header

Reframing biblical studies (Record no. 130907)

MARC details
000 -LEADER
fixed length control field 01423nam a2200349Ia 4500
082 04 - DEWEY DECIMAL CLASSIFICATION NUMBER
Classification number 221.6/6
100 1# - MAIN ENTRY--AUTHOR NAME
Personal name Wolde, E. J. van.
245 10 - TITLE STATEMENT
Title Reframing biblical studies
260 ## - PUBLICATION, DISTRIBUTION, ETC. (IMPRINT)
Place of publication Winona Lake, IN :
Name of publisher Eisenbrauns,
Year of publication 2009.
300 ## - PHYSICAL DESCRIPTION
Number of Pages xiv, 402 p. :
Other physical details ill.
650 #0 - SUBJECT ADDED ENTRY--TOPICAL TERM
Topical Term Hebrew language
Topical Term Cognitive grammar.
856 40 - ELECTRONIC LOCATION AND ACCESS
Uniform Resource Identifier http://site.ebrary.com/lib/rucke/Doc?id=10495975

No items available.

© 2026 Rongo University
Contact us: librarian | system librarian | Rongo university